000 00543 a2200169 4500
001 189372
020 _a978-85-7631-187-4
040 _cMagnum
100 _aMinistério das Relações Exteriores
240 1 0 _aDiscursos selecionados do presidente Artur Bernardes
_lpor
245 1 0 _aDiscursos selecionados do presidente Artur Bernardes
300 _a60
362 0 _a2009
440 1 _aFundação Alexandre de Gusmão
697 _aRELALÇÕES INTERNACIONAIS, POLÍTICA MUNDIAL. POLÍTICA INTERNACIONAL. POLÍTICA EXTERNA
942 _cBK
999 _c189372
_d189372